000 01003nam a22002537a 4500
001 114462
003 DR-UNIBE
005 20260316112213.0
008 260316b2025 dr ||||| |||| 00| 0 spa d
020 _a9789945629583
040 _aBIBLIOTECA UNIBE
_cBIBLIOTECA UNIBE
_erda
041 _aspa
082 _aRD 861.09 B422u
100 _aBeiro Álvarez, Luis,
_d1950 -
_991101
245 1 0 _aUna mirada a la décima /
_c Luis Beiro Álvarez
260 _aSanto Domingo :
_b Banco Central De La Republica Dominicana,
_c2025
300 _a250 páginas
490 _a Archivo General de la Nación ;
_vvolumen 329 ; número 127
520 3 _aEl texto presenta un ensayo que introduce los tres tomos de Décimas de Juan Antonio Alix, También aborda la importancia de Radio Santa María en el desarrollo de la décima campesina.
600 0 _aAlix, Juan Antonio,
_d1833-1918
_959757
650 7 _2lemb
_a Poesías dominicana
_9127516
650 7 _2lemb
_a Literatura dominicana
942 _2ddc
_cBK
999 _c114462
_d114462